| 000 | 00944nam a22002177a 4500 | ||
|---|---|---|---|
| 999 |
_c60388 _d60388 |
||
| 003 | Ge_BSU | ||
| 005 | 20230710104049.0 | ||
| 008 | 230710s1962ge xxu||||| |||| 00| 0 geo d | ||
| 041 | _ageo | ||
| 080 | _a94(393.3) გ-62 | ||
| 100 |
_aგოზალიშვილი, გ., ავტ. _919211 |
||
| 245 |
_aმითრიდატე პონტოელი / _c გ. გოზალიშვილი ; [რედ. ს. ყაუხჩიშვილი]. |
||
| 264 |
_aთბილისი : _bუნ-ტის გამ-ბა, _c 1962. |
||
| 300 |
_a413 გვ. ; _b 22 სმ. |
||
| 504 | _aბიბლიოგრ. შენიშვნებში. | ||
| 520 | _aრეზ. რუს. ენ. | ||
| 653 | _aპონტოს ისტორია | ||
| 653 | _aმითრიდატე პონტოელი | ||
| 700 |
_aყაუხჩიშვილი, ს _eრედაქტორი _919212 |
||
| 942 |
_2udc _cBK |
||